Pravidla pro pojišťovací zprostředkovatele
Upravenie podmienok podnikania poisťovacích sprostredkovateľov zákonom č. 38/2004 Zb., o poisťovacích sprostredkovateľoch a samostatných likvidátoroch poistných udalostí a o zmene živnostenského zákona. Smernice o sprostredkovaní poistenia. Činnosti vylúčené z pôsobnosti zákona. Definícia sprostredk...
Saved in:
| Main Author: | |
|---|---|
| Format: | Book Chapter |
| Language: | Czech |
| Subjects: | |
| Tags: |
No Tags, Be the first to tag this record!
|
MARC
| LEADER | 00000naa$a2200000$$$4500 | ||
|---|---|---|---|
| 001 | 0012372 | ||
| 005 | 20230927101317.1 | ||
| 041 | 0 | |a cze | |
| 044 | |a CZ | ||
| 245 | 1 | 0 | |a Pravidla pro pojišťovací zprostředkovatele |c aut. Jaroslav Mesršmíd |
| 520 | |a Upravenie podmienok podnikania poisťovacích sprostredkovateľov zákonom č. 38/2004 Zb., o poisťovacích sprostredkovateľoch a samostatných likvidátoroch poistných udalostí a o zmene živnostenského zákona. Smernice o sprostredkovaní poistenia. Činnosti vylúčené z pôsobnosti zákona. Definícia sprostredkovateľskej činnosti. Poisťovací sprostredkovatelia. Samostatný likvidátor poistných udalostí. Zodpovedný zástupca. Odborná spôsobilosť. Povinnosti poisťovacích sprostredkovateľov. Štátny dozor nad činnosťou poisťovacích sprostredkovateľov. | ||
| 610 | 2 | 0 | |a poistenie |
| 610 | 2 | 0 | |a sprostredkovatelia |
| 610 | 2 | 0 | |a udalosti poistné |
| 610 | 2 | 0 | |a likvidátori |
| 610 | 2 | 0 | |a likvidácia |
| 610 | 2 | 0 | |a smernice |
| 610 | 2 | 0 | |a legislatíva |
| 610 | 2 | 0 | |a zákony |
| 100 | 1 | |a Mesršmíd, Jaroslav | |